| 000 | 00723 a2200289 4500 | ||
|---|---|---|---|
| 260 | _aBruxelles | ||
| 630 | _a159 - Psychologie | ||
| 650 | _a1 - PHILOSOPHIE ET PSYCHOLOGIE | ||
| 100 | _aReymond-rivier, Berthe | ||
| 440 | _n11 | ||
| 260 | _bP. Mardaga | ||
| 300 | _a301 p. | ||
| 245 | _aLe Développement social de l'enfant et de l'adolescent | ||
| 650 | _aPsychologie sociale | ||
| 650 | _aPsychologie de l'enfant | ||
| 650 | _aPsychologie de l'adolescent | ||
| 300 | _b19 cm | ||
| 100 | _lFr | ||
| 037 | _aL 7041 | ||
| 037 | _a7044 | ||
| 037 | _aL 5924 | ||
| 440 | _aPsychologie et sciences humaines | ||
| 250 | _a11e éd. rev. et aug. | ||
| 020 | _a2-87009-011-0 | ||
| 999 |
_c34265 _d34265 |
||